00752cam a2200241 450000100060000000300080000600500170001400800410003102000150007203500190008704000270010604100080013306000210014108200220016210000230018424501050020726000310031230000320034350400500037565000290042565000290045470000270048331020BD-RjUL20211209051641.0140413t1974 us a b 001 0 eng d a0471199206 a(BD-RjUL)31107 aDLCbengcDLCdBD-RjUL aeng 0aWM100 D265a 197404a132.075bDAA 19741 aDavison, Gerald C.10aAbnormal psychology :ban experimental clinical approach /cby Gerald C. Davison [and] John M. Neale aNew York :bWiley,cc1974. axvi, 632 p :bill ;c24 cm. aincludes Bibliographical reference and index. 0aPsychology, Pathological 0aPsychology, Pathological1 aNeale, John M.,d1943-